Chefs-d'oeuvre de peinture au Musée du Louvre (Record no. 151981)

MARC details
000 -LEADER
campo de control de longitud fija 00693nam a2200181 i 4500
001 - NÚMERO DE CONTROL
campo de control 151981
003 - IDENTIFICADOR DE NÚMERO DE CONTROL
campo de control ES-MaACL
005 - FECHA Y HORA DE LA ÚLTIMA TRANSACCIÓN
campo de control 20230906204457.0
008 - DATOS DE LONGITUD FIJA--INFORMACIÓN GENERAL
campo de control de longitud fija 051006s1879 fr a |||| | fre d
040 ## - FUENTE DE CATALOGACIÓN
Centro catalogador/agencia de origen CAM
Lengua de catalogación spa
Centro/agencia transcriptor CAM
100 1# - ENTRADA PRINCIPAL--NOMBRE DE PERSONA
Nombre de persona Bernard, Louis.
9 (RLIN) 28248
245 10 - MENCIÓN DEL TÍTULO
Título Chefs-d'oeuvre de peinture au Musée du Louvre
Resto del título : École italienne /
Mención de responsabilidad, etc. par Louis Bernard.
260 ## - PUBLICACIÓN, DISTRIBUCIÓN, ETC.
Lugar de publicación, distribución, etc. Paris :
Nombre del editor, distribuidor, etc. Librairie Renouard,
Fecha de publicación, distribución, etc. 1879 (
Lugar de fabricación/manufactura Corbeil :
Fabricante Typ. et stér. de Crété)
300 ## - DESCRIPCIÓN FÍSICA
Extensión XXIV, 230 p. :
Otras características físicas il. ;
Dimensiones 27 cm.
610 24 - PUNTO DE ACCESO ADICIONAL DE MATERIA--NOMBRE DE ENTIDAD CORPORATIVA
Nombre de entidad corporativa o nombre de jurisdicción como elemento de entrada Musée du Louvre.
9 (RLIN) 5813
650 #4 - PUNTO DE ACCESO ADICIONAL DE MATERIA--TÉRMINO DE MATERIA
Término de materia o nombre geográfico como elemento de entrada Pintura italiana-
Subdivisión geográfica Musée du Louvre.
9 (RLIN) 161965
852 ## - LOCALIZACIÓN
Ubicación ES-MaACL
Número de control de estantería F-10159
Nota libre - Enc. tela estampada en negro y oro, con cortes dorados
Holdings
Estatus retirado Estado de pérdida Estado de daño No para préstamo Colección Biblioteca de origen Biblioteca actual Ubicación en estantería Fecha de adquisición Fuente de adquisición Total de préstamos Signatura topográfica completa Código de barras Visto por última vez Precio de reemplazo Tipo de ítem Koha
        Libros del s. XIX Biblioteca del Ateneo de Madrid Biblioteca del Ateneo de Madrid Sala Pecera Planta 2 17/01/2008     F-10159 1158639 23/02/2023 23/02/2023 Libro impreso antiguo